| 000 | 00574cam a2200205Ia 4500 | ||
|---|---|---|---|
| 020 | _a0393026388 : | ||
| 020 | _a0393305678 | ||
| 040 | _cIEP | ||
| 082 | _a338 NOR 1989 A014 Or. | ||
| 245 | 0 | 0 |
_aState of the world, 1989 : _ba Worldwatch Institute report on progress toward a sustainable society / |
| 250 | _a1st ed | ||
| 260 |
_aNew York : _bNorton, _cc1989 |
||
| 300 |
_axvi, 256 p. ; _c24 cm |
||
| 500 | _aIncludes index | ||
| 650 | 0 | _aEconomic history | |
| 650 | 0 | _aEconomic policy | |
| 700 | 1 | _aBrown, Lester R. | |
| 710 | 2 | _aWorldwatch Institute | |
| 942 | _cEK | ||
| 999 |
_c12901 _d12901 |
||